000 01035nam0a22003011 4500
001 RU\NLR\BIBL_A\022700553
005 20260118001644.0
010 _91500
035 _a(NLR Aleph) 022700553
035 _a(RuMoRGB)005346441
035 _a(RuMoELAR)1917-45-00469295
090 _a89004
_c89004
100 _a20260114d1943 u y0rusy50 ca
101 0 _arus
102 _aRU
105 _ay||||||||||||
181 0 _ai
_baxxe
182 0 _an
200 1 _aЗяблевая вспашка - основа повышения урожайности
_fПечерский Г. Н.
_gНар. ком. зем. ТССР, Агропроизводств. упр.
203 _aТекст
_bвизуальный
_cнепосредственный
210 _aАшхабад
_c[б. и.]
_d1943
215 _a12 с., без обл.
_d15 см
700 1 _aПечерский
_bГ. Н.
852 _aNLR
_jС30 Г-2/87
942 _cBOOK
945 _aРоссийская национальная библиотека
980 _aBV